000 00319pab a2200145 454500
008 180718b2005 xxu||||| |||| 00| 0 eng d
100 _aPrabhu Pradip
245 _aThe right to live with dignity
260 _c2005
300 _ap.14-19.
362 _aAug
650 _aTribes
773 _aSeminar
909 _a66402
999 _c66402
_d66402